书目信息 |
| 题名: |
电路与磁路
|
|
| 作者: | 蒲晓湘 , 石红 , 牛均莲 编 | |
| 分册: | ||
| 出版信息: | 北京 中国电力出版社 2019 |
|
| 页数: | 238页 | |
| 开本: | 26cm | |
| 丛书名: | ||
| 单 册: | ||
| 中图分类: | TM13 , TM14 | |
| 科图分类: | ||
| 主题词: | 电路--职业教育--教材 , 磁路--职业教育--教材 | |
| 电子资源: | ||
| ISBN: | 978-7-5198-3957-4 | |
| 000 | 00976nam0 2200289 450 | |
| 001 | 2270332207 | |
| 005 | 20221012193325.04 | |
| 010 | @a978-7-5198-3957-4@dCNY30.00 | |
| 100 | @a20200616d2019 em y0chiy50 ea | |
| 101 | 0 | @achi |
| 102 | @aCN@b110000 | |
| 105 | @ay z 000yy | |
| 200 | 1 | @a电路与磁路@9dian lu yu ci lu@f蒲晓湘,石红,牛均莲编 |
| 205 | @a3版 | |
| 210 | @a北京@c中国电力出版社@d2019 | |
| 215 | @a238页@d26cm | |
| 300 | @a“十三五”职业教育规划教材 | |
| 330 | @a本书共七章,内容包括:电路的基本概念和基本定律、直流电阻电路的分析、正弦交流电路、三相正弦交流电路、非正弦周期电流电路、线性电路过渡过程的时域分析、磁路与铁心线圈等。 | |
| 606 | 0 | @a电路@x职业教育@j教材 |
| 606 | 0 | @a磁路@x职业教育@j教材 |
| 690 | @aTM13@v5 | |
| 690 | @aTM14@v5 | |
| 701 | 0 | @a蒲晓湘@9pu xiao xiang@f(1973~)@4编 |
| 701 | 0 | @a石红@9shi hong@f(1966~)@4编 |
| 701 | 0 | @a牛均莲@9niu jun lian@f(1977~)@4编 |
| 801 | 0 | @aCN@b91MARC@c20210116 |
| 905 | @aZUCC@dTM13@e65-3 | |
| 电路与磁路/蒲晓湘,石红,牛均莲编.-3版.-北京:中国电力出版社,2019 |
| 238页;26cm |
| “十三五”职业教育规划教材 |
| ISBN 978-7-5198-3957-4:CNY30.00 |
| 本书共七章,内容包括:电路的基本概念和基本定律、直流电阻电路的分析、正弦交流电路、三相正弦交流电路、非正弦周期电流电路、线性电路过渡过程的时域分析、磁路与铁心线圈等。 |
| ● |
| 相关链接 |
|
|
|
正题名:电路与磁路
索取号:TM13/65-3
 
预约/预借
| 序号 | 登录号 | 条形码 | 馆藏地/架位号 | 状态 | 备注 |
| 1 | 2000914018 | 2000914018 | 第三书库/ [索取号:TM13/65-3] | 在馆 | |
| 2 | 2000914019 | 2000914019 | 第三书库/ [索取号:TM13/65-3] | 在馆 | |
| 3 | 2000914020 | 2000914020 | 第三书库/ [索取号:TM13/65-3] | 在馆 |